| 000 | 00661cam a2200205 4500500 | ||
|---|---|---|---|
| 005 | 20260329003138.0 | ||
| 041 | _afre | ||
| 042 | _adc | ||
| 100 | 1 | 0 |
_aLacroix, Alexandre _eauthor |
| 245 | 0 | 0 | _aNe traversez pas la rue pour acheter du soja transgénique ! |
| 260 | _c2014. | ||
| 500 | _a70 | ||
| 690 | _aNassim Nicholas Taleb | ||
| 690 | _aPrécaution | ||
| 690 | _aPrincipe de précaution | ||
| 690 | _aRaphaël Douady | ||
| 690 | _aRupert Read | ||
| 786 | 0 | _nPhilosophie magazine | 85 | 12-1 | 2014-12-01 | p. 9-9 | 1951-1787 | |
| 856 | 4 | 1 | _uhttps://shs.cairn.info/magazine-philosophie-magazine-2014-12-1-page-9?lang=fr&redirect-ssocas=7080 |
| 999 |
_c1821823 _d1821823 |
||